[Event "BEL-chT 2122"]
[Site "Belgium"]
[Date "2022.03.27"]
[Round "10.4"]
[White "Timmerman, Gert Jan"]
[Black "Goncalves, Jorge"]
[Result "1-0"]
[WhiteElo "2204"]
[BlackElo "2053"]
[PlyCount "99"]
[EventDate "2021.10.24"]
[EventType "team-tourn"]
[EventRounds "11"]
[EventCountry "BEL"]
[SourceTitle "EXT 2023"]
[Source "ChessBase"]
[SourceDate "2022.10.05"]
[SourceVersion "1"]
[SourceVersionDate "2022.10.05"]
[SourceQuality "1"]
[WhiteTeam "Oostende"]
[BlackTeam "Borgerhout"]
[WhiteTeamCountry "BEL"]
[BlackTeamCountry "BEL"]

1. e4 c5 2. Nf3 Nc6 3. d4 cxd4 4. Nxd4 g6 5. Nc3 Bg7 6. Nb3 Nf6 7. Be2 0-0 8. 0-0 d6 9. Bg5 Be6 10. Kh1 a6 11. a4 Rc8 12. f4 Na5 13. Nxa5 Qxa5 14. Bd3 Bc4 15. Qe2 Qb4 16. Rab1 Rc7 17. Bh4 Rfc8 18. Be1 Qc5 19. Bd2 b5 20. axb5 axb5 21. b3 Bxd3 22. cxd3 Qc6 23. Na2 Qb7 24. Nb4 e6 25. f5 exf5 26. exf5 Re7 27. Qf3 Qxf3 28. Rxf3 Re2 29. Bg5 Ng4 30. f6 Bf8 31. h3 Ne5 32. Re3 Rxe3 33. Bxe3 Re8 34. Bd4 d5 35. Nxd5 Nxd3 36. Rd1 Re1+ 37. Rxe1 Nxe1 38. Nc7 b4 39. Nd5 Nd3 40. Ne7+ Kh8 41. Be3 h5 42. g4 hxg4 43. hxg4 Ne1 44. g5 Nc2 45. Bc5 Kh7 46. Kg2 Na1 47. Bxb4 Nxb3 48. Kf3 Nd4+ 49. Ke4 Ne6 50. Bd2 1-0

[Event "BEL-chT 2122"]
[Site "Belgium"]
[Date "2022.02.20"]
[Round "8.6"]
[White "Klein, Felix"]
[Black "Goncalves, Jorge"]
[Result "1/2-1/2"]
[WhiteElo "2309"]
[BlackElo "2053"]
[PlyCount "112"]
[EventDate "2021.10.24"]
[EventType "team-tourn"]
[EventRounds "11"]
[EventCountry "BEL"]
[SourceTitle "EXT 2023"]
[Source "ChessBase"]
[SourceDate "2022.10.05"]
[SourceVersion "1"]
[SourceVersionDate "2022.10.05"]
[SourceQuality "1"]
[WhiteTeam "KSK Rochade"]
[BlackTeam "Borgerhout"]
[WhiteTeamCountry "BEL"]
[BlackTeamCountry "BEL"]

1. d4 Nf6 2. c4 c5 3. d5 g6 4. Nc3 Bg7 5. e4 0-0 6. Nf3 d6 7. Be2 Na6 8. 0-0 Nc7 9. Qc2 Rb8 10. h3 Bd7 11. a4 a6 12. a5 b5 13. axb6 Rxb6 14. Be3 Qb8 15. Ra2 Qb7 16. Bd3 Rb8 17. e5 Nfe8 18. Rb1 a5 19. Ne4 a4 20. Nxc5 dxc5 21. Bxc5 Rb3 22. Bxe7 Rxd3 23. Qxd3 Bf5 24. Qd1 Bxb1 25. Qxb1 Nxd5 26. cxd5 Qxe7 27. Rxa4 Qd7 28. Qa2 Rxb2 29. Qxb2 Qxa4 30. Qb8 Bf8 31. d6 Ng7 32. Qc8 Ne6 33. g3 Qe4 34. Qc3 Qd5 35. h4 Qc5 36. Qd3 h6 37. h5 g5 38. Qf5 Qc6 39. Nh2 Qc1+ 40. Kg2 Ng7 41. Qd3 Qc6+ 42. f3 Ne6 43. Ng4 Bg7 44. Kh2 Qd7 45. Qd5 Nf8 46. Qe4 Qe6 47. Kh3 Nd7 48. f4 gxf4 49. gxf4 Qb3+ 50. Kh4 Qc3 51. Qg2 Kh8 52. Qa8+ Nf8 53. d7 Qe1+ 54. Kh3 Qc3+ 55. Kh4 Qe1+ 56. Kh3 Qc3+ 1/2-1/2

[Event "BEL-ch op"]
[Site "Antwerp"]
[Date "2013.07.10"]
[Round "5"]
[White "Goncalves, Jorge"]
[Black "Ooghe, Jean Marie"]
[Result "1-0"]
[WhiteElo "2078"]
[BlackElo "1832"]
[PlyCount "34"]
[EventDate "2013.07.06"]
[EventType "swiss"]
[EventRounds "9"]
[EventCountry "BEL"]
[SourceTitle "CBM 155 Extra"]
[Source "ChessBase"]
[SourceDate "2013.08.26"]
[SourceVersion "1"]
[SourceVersionDate "2013.08.26"]
[SourceQuality "1"]

1. d4 Nf6 2. c4 e6 3. g3 d5 4. Bg2 Bb4+ 5. Nd2 0-0 6. Ngf3 dxc4 7. 0-0 c3 8. Nc4 Nbd7 9. bxc3 Bxc3 10. Rb1 Nb6 11. Nce5 h6 12. Ba3 Re8 13. Qd3 Ba5 14. Rb5 Nbd5 15. Rxa5 c6 16. Rc5 Nd7 17. Nxd7 Bxd7 1-0

[Event "Santos Paulista-ch"]
[Site "Santos"]
[Date "2011.12.04"]
[Round "6"]
[White "Goncalves, Jorge"]
[Black "Aoyama, Edmundo"]
[Result "1-0"]
[WhiteElo "2135"]
[BlackElo "1920"]
[PlyCount "59"]
[EventDate "2011.12.02"]
[EventType "swiss"]
[EventRounds "6"]
[EventCountry "BRA"]
[SourceTitle "CBM 146 Extra"]
[Source "ChessBase"]
[SourceDate "2012.02.29"]
[SourceVersion "1"]
[SourceVersionDate "2012.02.29"]
[SourceQuality "1"]

1. d4 d5 2. e3 Nf6 3. Bd3 Nbd7 4. f4 c5 5. c3 e6 6. Nd2 b6 7. Ngf3 Bb7 8. 0-0 Qc7 9. Ne5 Ne4 10. Nxe4 dxe4 11. Bb5 Bc8 12. Bc6 Rb8 13. Bxe4 Bb7 14. Qf3 g6 15. Bd2 f5 16. Bxb7 Nxe5 17. fxe5 Qxb7 18. Qxb7 Rxb7 19. e4 Rd7 20. exf5 gxf5 21. Be3 c4 22. Rad1 Rd5 23. b3 cxb3 24. axb3 Bg7 25. c4 Rd7 26. Bf4 0-0 27. d5 Rfd8 28. Bg5 Re8 29. Rfe1 exd5 30. e6 1-0

[Event "Santos Paulista-ch"]
[Site "Santos"]
[Date "2011.12.03"]
[Round "4"]
[White "Goncalves, Jorge"]
[Black "Brito, Luismar Jorge"]
[Result "1/2-1/2"]
[WhiteElo "2135"]
[BlackElo "2258"]
[PlyCount "48"]
[EventDate "2011.12.02"]
[EventType "swiss"]
[EventRounds "6"]
[EventCountry "BRA"]
[SourceTitle "CBM 146 Extra"]
[Source "ChessBase"]
[SourceDate "2012.02.29"]
[SourceVersion "1"]
[SourceVersionDate "2012.02.29"]
[SourceQuality "1"]

1. d4 c5 2. e3 cxd4 3. exd4 Nf6 4. Nf3 g6 5. Be2 Bg7 6. 0-0 0-0 7. c4 d6 8. Nc3 Nc6 9. d5 Nb8 10. h3 a5 11. Be3 Na6 12. Na4 Nd7 13. Qd2 Nac5 14. Nxc5 Nxc5 15. Bxc5 dxc5 16. Rab1 Qc7 17. Qe3 Ra6 18. Rfe1 e6 19. b3 exd5 20. cxd5 Rd6 21. Rbd1 b6 22. Bc4 Rfd8 23. a4 Bb7 24. Qf4 R6d7 1/2-1/2

[Event "Santos Paulista-ch"]
[Site "Santos"]
[Date "2011.12.03"]
[Round "3"]
[White "Roverso, Leandro"]
[Black "Goncalves, Jorge"]
[Result "0-1"]
[WhiteElo "1913"]
[BlackElo "2135"]
[PlyCount "83"]
[EventDate "2011.12.02"]
[EventType "swiss"]
[EventRounds "6"]
[EventCountry "BRA"]
[SourceTitle "CBM 146 Extra"]
[Source "ChessBase"]
[SourceDate "2012.02.29"]
[SourceVersion "1"]
[SourceVersionDate "2012.02.29"]
[SourceQuality "1"]

1. d4 Nf6 2. c4 c5 3. d5 b5 4. cxb5 a6 5. Nc3 axb5 6. Nxb5 Qa5+ 7. Nc3 Ba6 8. g3 d6 9. Bd2 Nbd7 10. Nf3 g6 11. Bh3 Bg7 12. Qc2 0-0 13. 0-0 Rfb8 14. Rfe1 Qc7 15. e4 Ra7 16. Rab1 h6 17. Nh4 Ne5 18. f4 Bd3 19. Qd1 Nc4 20. Ra1 Nxb2 21. Qf3 Nd7 22. Bxd7 Qxd7 23. g4 Ra3 24. e5 dxe5 25. fxe5 Rb4 26. h3 Bc2 27. Qxf7+ Kxf7 28. e6+ Ke8 29. exd7+ Kxd7 30. Nb1 Rxh3 31. Bxb4 Nd3 32. Bc3 Bxc3 33. Nxc3 Nxe1 34. Rxe1 Rxh4 35. Re2 Rxg4+ 36. Kf2 Bd3 37. Rb2 Rc4 38. Nd1 Rc2+ 39. Ke3 Rxb2 40. Nxb2 Ba6 41. Na4 Kd6 42. Ke4 0-1

[Event "BEL-chT 0304"]
[Site "Belgium"]
[Date "2004.03.09"]
[Round "10.5"]
[White "Horvath, Adam"]
[Black "Goncalves, Jorge"]
[Result "1-0"]
[WhiteElo "2513"]
[BlackElo "2185"]
[PlyCount "65"]
[EventDate "2003.10.01"]
[EventType "team"]
[EventRounds "11"]
[EventCountry "BEL"]
[SourceTitle "EXT 2005"]
[Source "ChessBase"]
[SourceDate "2004.11.15"]
[SourceVersion "1"]
[SourceVersionDate "2004.11.15"]
[SourceQuality "1"]
[WhiteTeam "Eynatten"]
[BlackTeam "Borgerhout"]
[WhiteTeamCountry "BEL"]
[BlackTeamCountry "BEL"]

1. e4 c5 2. Nf3 Nc6 3. d4 cxd4 4. Nxd4 g6 5. c4 Nf6 6. Nc3 d6 7. Be2 Nxd4 8. Qxd4 Bg7 9. Be3 0-0 10. Qd2 Be6 11. Rc1 Qa5 12. f3 a6 13. b3 b5 14. Nd5 Qxd2+ 15. Kxd2 Bxd5 16. cxd5 Rfc8 17. Rxc8+ Rxc8 18. Rc1 Rxc1 19. Kxc1 Nd7 20. Kc2 Nc5 21. a4 bxa4 22. b4 a3 23. Bc4 Nd7 24. Kb3 Bb2 25. Bxa6 Kf8 26. Bb5 Ke8 27. Bb6 e6 28. Bc7 Ke7 29. Bc6 Ne5 30. b5 Nd3 31. b6 Nc1+ 32. Kc2 Be5 33. b7 1-0

[Event "BEL-chT 0001"]
[Site "Belgium"]
[Date "2001.03.11"]
[Round "10"]
[White "Aglave, Arnaud"]
[Black "Goncalves, Jorge"]
[Result "1-0"]
[WhiteElo "2058"]
[BlackElo "2197"]
[PlyCount "77"]
[EventDate "2000.11.18"]
[EventType "team"]
[EventRounds "13"]
[EventCountry "BEL"]
[SourceTitle "CBM 081 Extra"]
[Source "ChessBase"]
[SourceDate "2001.05.06"]
[SourceVersion "1"]
[SourceVersionDate "2001.05.06"]
[SourceQuality "1"]

1. c4 Nf6 2. Nf3 c5 3. Nc3 d5 4. cxd5 Nxd5 5. g3 Nc6 6. Bg2 Nc7 7. Qa4 Bd7 8. Qe4 g6 9. Ne5 Bg7 10. Nxd7 Qxd7 11. 0-0 0-0 12. a3 Rab8 13. Rb1 Nd4 14. b4 b6 15. Qd3 e5 16. Kh1 Qe6 17. bxc5 bxc5 18. Rxb8 Rxb8 19. e3 c4 20. Qe4 f5 21. Qh4 Bf6 22. Qh6 Nb3 23. e4 Nd4 24. Qe3 Qd6 25. f4 exf4 26. gxf4 Qd7 27. e5 Be7 28. d3 cxd3 29. Qxd3 Kg7 30. Be3 Nce6 31. Rd1 Bc5 32. Qc4 Rd8 33. Rb1 Bb6 34. Nd5 Rc8 35. Qa6 Rc2 36. Nxb6 axb6 37. Rxb6 Rxg2 38. Rb7 Nc7 39. Qd6 1-0

[Event "BEL-chT 9900"]
[Site "Antwerp"]
[Date "1999.11.??"]
[Round "5"]
[White "Schalkx, Johnny"]
[Black "Goncalves, Jorge"]
[Result "0-1"]
[WhiteElo "2271"]
[BlackElo "2190"]
[PlyCount "86"]
[EventDate "1999.10.08"]
[EventType "team"]
[EventRounds "11"]
[EventCountry "BEL"]
[SourceTitle "CBM 073 Extra"]
[Source "ChessBase"]
[SourceDate "2000.01.11"]
[SourceVersion "1"]
[SourceVersionDate "2000.01.11"]
[SourceQuality "1"]

1. e4 c5 2. Nf3 Nc6 3. Bb5 g6 4. 0-0 Bg7 5. Re1 Nf6 6. Bxc6 bxc6 7. d3 0-0 8. Nc3 Rb8 9. e5 Nd5 10. Ne4 Qa5 11. a3 f5 12. Ned2 Ba6 13. c4 Nc7 14. Nf1 Ne6 15. Bd2 Qc7 16. Bc3 Bc8 17. Qd2 Rb7 18. b4 Qb8 19. Rab1 a5 20. d4 axb4 21. axb4 cxd4 22. Nxd4 Nxd4 23. Bxd4 d6 24. exd6 Qxd6 25. Bxg7 Qxd2 26. Nxd2 Kxg7 27. Re5 Rd8 28. Nf3 f4 29. Rc5 Rxb4 30. Re1 Rd6 31. Rxe7+ Kf6 32. Re1 Be6 33. Ng5 Bf5 34. Nxh7+ Kg7 35. Re7+ Kh6 36. h4 Rb1+ 37. Kh2 Rdd1 38. g3 f3 39. g4 Rg1 40. g5+ Kh5 41. Nf6+ Kxh4 42. Rh7+ Kxg5 43. Ne4+ Kf4 0-1